[Event "BCF-chT2 1819 (4NCL) Promotion"]
[Site "England"]
[Date "2019.05.05"]
[Round "10.48"]
[White "Hamilton, Michael J"]
[Black "Iyengar, Ilya"]
[Result "0-1"]
[WhiteElo "2005"]
[BlackElo "1970"]
[PlyCount "76"]
[EventDate "2018.11.10"]
[EventType "team-tourn"]
[EventRounds "11"]
[EventCountry "ENG"]
[SourceTitle "EXT 2021"]
[Source "ChessBase"]
[SourceDate "2020.10.23"]
[SourceVersion "1"]
[SourceVersionDate "2020.10.23"]
[SourceQuality "1"]
[WhiteTeam "Sussex Martlets"]
[BlackTeam "Barnet Knights"]
[WhiteTeamCountry "ENG"]
[BlackTeamCountry "ENG"]

1. c4 Nf6 2. g3 g6 3. Bg2 Bg7 4. Nc3 0-0 5. Rb1 d6 6. b4 e5 7. e4 Nc6 8. Nge2 Nh5 9. 0-0 f5 10. exf5 Bxf5 11. d3 Qd7 12. b5 Nd8 13. Qb3 Bxd3 14. Ra1 Kh8 15. Be3 Qg4 16. Rfe1 Qxc4 17. Qxc4 Bxc4 18. a4 c6 19. bxc6 bxc6 20. Ne4 d5 21. Nc5 Rf7 22. Rab1 Bf8 23. Nb3 Rb8 24. Nd2 Rxb1 25. Nxb1 Bb4 26. Bd2 Bc5 27. Be3 d4 28. Nxd4 exd4 29. Bxd4+ Bxd4 30. Re8+ Kg7 31. Rxd8 Bxf2+ 32. Kh1 Bb6 33. Rd6 Re7 34. Rd1 Bb3 35. Rc1 Bxa4 36. Nc3 Bb5 37. Ne4 Nf6 38. Nd6 Bf2 0-1

[Event "BCF-chT4S 1617 (4NCL)"]
[Site "England"]
[Date "2017.04.29"]
[Round "9.92"]
[White "Hamilton, Michael J"]
[Black "Froom, Oliver"]
[Result "0-1"]
[WhiteElo "1631"]
[BlackElo "1943"]
[PlyCount "66"]
[EventDate "2016.11.26"]
[EventType "team-swiss"]
[EventRounds "11"]
[EventCountry "ENG"]
[SourceTitle "EXT 2019"]
[Source "ChessBase"]
[SourceDate "2018.10.10"]
[SourceVersion "1"]
[SourceVersionDate "2018.10.10"]
[SourceQuality "1"]
[WhiteTeam "Sussex Martlets III"]
[BlackTeam "The Pitstop"]
[WhiteTeamCountry "ENG"]
[BlackTeamCountry "ENG"]

1. c4 e5 2. g3 Nc6 3. Bg2 g6 4. Nc3 Bg7 5. e4 d6 6. Nge2 Nge7 7. 0-0 0-0 8. d3 Be6 9. Nd5 Qd7 10. Be3 b6 11. Qd2 Rae8 12. b4 f5 13. Rac1 Nd8 14. Nxe7+ Rxe7 15. exf5 gxf5 16. f4 c6 17. c5 bxc5 18. bxc5 d5 19. fxe5 Bxe5 20. d4 Bg7 21. Nf4 Bf7 22. Nd3 Rfe8 23. Bf2 Re2 24. Qa5 Ne6 25. Qa4 Ng5 26. Rce1 Rxe1 27. Bxe1 Bh5 28. Nf4 Bf3 29. Bf2 Bxg2 30. Kxg2 Ne4 31. Nd3 Nxf2 32. Rxf2 Re4 33. Ne5 Bxe5 0-1